01048nac a22002771u 4500010001600000020001500016024002400031035002000055082001900075090001500094100003400109245007400143260003100217300003400248440004000282500002000322500001500342500004100357650003300398650002900431856007400460856008900534942002100623999001500644952011100659 a 95198693 a047112067730a780471120674d90000 a(OCoLC)3253090400a005.369bF2471 c3320d3320 aFarrell, Barbara. 10aGetting started with Lotus 1-2-3, 5.0 for Windows /cBarbara Farrell. aNew York :bWiley,cc1995. axii, 176 p. :bill. ;c28 cm. 0aGetting started with Windows series aIncludes index. aDonations. aDonations - Binliotheca Alexandrina. 0aBusinessxComputer programs. 0aElectronic spreadsheets.4 3Table of Contentsuhttp://www.loc.gov/catdir/toc/onix04/95198693.html4 3Publisher descriptionuhttp://www.loc.gov/catdir/enhancements/fy0706/95198693-d.html cBBk005.369F2471 c3320d3320 00102ddc4070aMAINbMAINcLOWd2007-04-03ePurchasel0o005.369 FARp000030019r2025-07-15 00:00:00yBB